[Event "I Festival Spiaggia di Velluto A"]
[Site "Senigallia ITA"]
[Date "2010.07.26"]
[Round "2"]
[White "Rago, Riccardo"]
[Black "Schiappoli, Dario"]
[Result "1/2-1/2"]
[WhiteElo "2103"]
[BlackElo "1944"]
[PlyCount "78"]
[EventDate "2010.07.26"]

1. e4 c5 2. Nf3 d6 3. d4 cxd4 4. Nxd4 Nf6 5. Nc3 a6 6. Be2 e5 7. Nb3 Be6 8. Be3
Nbd7 9. O-O Be7 10. f4 Rc8 11. f5 Bc4 12. Bd3 b5 13. a3 Nb6 14. Kh1 d5 15. Bxb6
Qxb6 16. exd5 Bxd5 17. Bxb5+ Bc6 18. Bxc6+ Qxc6 19. Qe2 O-O 20. Qxe5 Rfe8 21.
Qg3 Bd6 22. Qf3 Qc7 23. h3 Be5 24. Rad1 Bxc3 25. bxc3 Ne4 26. Rd3 Nxc3 27. f6
g6 28. Nd4 Qe5 29. Nc6 Rxc6 30. Qxc6 Ne4 31. Kg1 h5 32. Re1 Re6 33. Qa8+ Re8
34. Rd8 Qc5+ 35. Kh1 Nf2+ 36. Kh2 Qc7+ 37. Kg1 Rxd8 38. Qf3 Qb6 39. Qe3 Qxf6
1/2-1/2

[Event "I Festival Spiaggia di Velluto A"]
[Site "Senigallia ITA"]
[Date "2010.07.26"]
[Round "2"]
[White "Raselli, Claudio"]
[Black "Foglia, Maurizio"]
[Result "1-0"]
[WhiteElo "1953"]
[BlackElo "2187"]
[PlyCount "103"]
[EventDate "2010.07.26"]

1. e4 d6 2. d4 g6 3. Nc3 Bg7 4. Be3 c6 5. Qd2 b5 6. Bd3 Bb7 7. a3 Nd7 8. Nge2
a6 9. b4 Qc7 10. O-O Ngf6 11. f3 c5 12. bxc5 dxc5 13. e5 Nd5 14. Nxd5 Bxd5 15.
c3 O-O 16. Nf4 cxd4 17. Nxd5 dxe3 18. Nxc7 exd2 19. Nxa8 Rxa8 20. Be4 Rc8 21.
Rad1 Rxc3 22. Rxd2 Nf8 23. Rd3 Rc4 24. Bd5 Rc5 25. f4 g5 26. g3 gxf4 27. gxf4
a5 28. Rf2 e6 29. Bb3 Bh6 30. Kg2 Ng6 31. Kg3 Ne7 32. Rd8+ Kg7 33. Rc2 Nf5+ 34.
Kf3 Rxc2 35. Bxc2 Nh4+ 36. Kg3 Ng6 37. Bxg6 Kxg6 38. Kg4 Bg7 39. Rb8 h5+ 40.
Kf3 a4 41. Rxb5 Bf8 42. Ra5 Bxa3 43. Rxa4 Bf8 44. Ra8 Bh6 45. Ke4 Bg7 46. Ra2
f5+ 47. Kf3 Bf8 48. Rg2+ Kf7 49. Rg5 h4 50. Rh5 Be7 51. Rh7+ Ke8 52. Kg2 1-0

[Event "I Festival Spiaggia di Velluto A"]
[Site "Senigallia ITA"]
[Date "2010.07.26"]
[Round "2"]
[White "Rizzardi, Franco"]
[Black "Spilli, Andrea"]
[Result "0-1"]
[WhiteElo "2002"]
[BlackElo "1757"]
[PlyCount "112"]
[EventDate "2010.07.26"]

1. e4 c5 2. Nf3 d6 3. d4 cxd4 4. Nxd4 Nf6 5. Nc3 g6 6. Bc4 Bg7 7. h3 O-O 8. Bb3
Nc6 9. Be3 Qa5 10. O-O Bd7 11. f4 Nxd4 12. Bxd4 Bc6 13. Qd3 b5 14. e5 Ne8 15.
e6 f5 16. Bxg7 Kxg7 17. Nd5 Bxd5 18. Qd4+ Nf6 19. Bxd5 Rac8 20. Bb3 Rc6 21. c3
Qb6 22. Rfd1 Rfc8 23. a4 Qxd4+ 24. Rxd4 Rb6 25. Rb4 bxa4 26. Rxb6 axb6 27. Rxa4
Rc7 28. Ra6 Nh5 29. Ra4 Kf6 30. g4 fxg4 31. hxg4 Ng7 32. g5+ Kf5 33. Rb4 Rc6
34. Bd5 Rc5 35. Be4+ Kxe6 36. Rxb6 Nh5 37. Kf2 Nxf4 38. Kf3 Nh3 39. Kg4 Nxg5
40. b4 Nxe4 41. bxc5 Nxc5 42. Kg5 Ne4+ 43. Kh6 g5 44. c4 g4 45. Kxh7 g3 46. Kg6
Ke5 47. Rb2 Kf4 48. Kf7 e5 49. Ke6 Kf3 50. c5 Nxc5+ 51. Kxd6 Nd3 52. Rb1 g2 53.
Kd5 e4 54. Kd4 Nf2 55. Rg1 Kg3 56. Ke3 Kh2 0-1

[Event "I Festival Spiaggia di Velluto A"]
[Site "Senigallia ITA"]
[Date "2010.07.26"]
[Round "2"]
[White "Rizzi, Pietro"]
[Black "Riboldi, Raffaele"]
[Result "0-1"]
[WhiteElo "1595"]
[BlackElo "1911"]
[PlyCount "75"]
[EventDate "2010.07.26"]

1. e4 e6 2. d4 d5 3. Nd2 c5 4. exd5 exd5 5. Ngf3 Nc6 6. Bb5 Bd6 7. O-O Nge7 8.
dxc5 Bxc5 9. Nb3 Bd6 10. Re1 O-O 11. Bd3 h6 12. Nbd4 Bg4 13. Be2 Qd7 14. Be3
Rad8 15. a3 Ng6 16. Qd2 Rfe8 17. c4 dxc4 18. Bxc4 Nge5 19. Nxe5 Bxe5 20. Nxc6
Qxc6 21. Qb4 Qg6 22. Bb5 Bf3 23. g3 Bd6 24. Bc5 Rxe1+ 25. Rxe1 Bxc5 26. Qxc5 a6
27. Bf1 Bc6 28. Qe7 Rd2 29. Bg2 Bxg2 30. Kxg2 Qc6+ 31. Kg1 Rxb2 32. Qd8+ Kh7
33. Qd3+ g6 34. Qe3 Rc2 35. Qe7 Qf3 36. Qe3 Qf6 37. Rf1 Rc3 38. Qd2 0-1

[Event "I Festival Spiaggia di Velluto A"]
[Site "Senigallia ITA"]
[Date "2010.07.26"]
[Round "2"]
[White "Rotoni, Matteo"]
[Black "Loccisano, Giuseppe"]
[Result "1-0"]
[WhiteElo "2148"]
[BlackElo "1828"]
[PlyCount "47"]
[EventDate "2010.07.26"]

1. e4 e6 2. d4 d5 3. e5 c5 4. c3 Nc6 5. Be3 Nge7 6. Nf3 Nf5 7. Bd3 Be7 8. O-O
cxd4 9. cxd4 Nxe3 10. fxe3 f6 11. exf6 Bxf6 12. Ne5 O-O 13. Qh5 g6 14. Nxg6 Rf7
15. Ne5 Rg7 16. Ng4 Bg5 17. h4 e5 18. hxg5 Bxg4 19. Qxg4 e4 20. Be2 Nb4 21. Na3
Qe7 22. Rf5 Nd3 23. Bxd3 exd3 24. Qf3 1-0

[Event "I Festival Spiaggia di Velluto A"]
[Site "Senigallia ITA"]
[Date "2010.07.26"]
[Round "2"]
[White "Salmoiraghi, Angelo"]
[Black "Lotti, Fabio"]
[Result "1/2-1/2"]
[WhiteElo "2172"]
[BlackElo "2033"]
[PlyCount "38"]
[EventDate "2010.07.26"]

1. d4 Nf6 2. c4 g6 3. g3 Bg7 4. Bg2 O-O 5. Nf3 d6 6. Nc3 Nc6 7. O-O e5 8. dxe5
Nxe5 9. Nxe5 dxe5 10. Qxd8 Rxd8 11. Bg5 Rd4 12. b3 c6 13. Be3 Rd8 14. Rad1 Rxd1
15. Rxd1 Be6 16. h3 Bf8 17. Na4 Nd7 18. f4 exf4 19. gxf4 f5 1/2-1/2

[Event "I Festival Spiaggia di Velluto A"]
[Site "Senigallia ITA"]
[Date "2010.07.26"]
[Round "2"]
[White "Vezzosi, Paolo"]
[Black "Padovani, Alessio"]
[Result "1-0"]
[WhiteElo "2362"]
[BlackElo "1976"]
[PlyCount "83"]
[EventDate "2010.07.26"]

1. d4 d5 2. c4 e6 3. Nc3 Nf6 4. Bg5 Be7 5. e3 c6 6. Nf3 O-O 7. Qc2 dxc4 8. Bxc4
Nd5 9. Bxe7 Qxe7 10. O-O Nd7 11. Rad1 N7f6 12. Rd2 Bd7 13. e4 Nxc3 14. bxc3
Rfd8 15. Re1 h6 16. Bb3 Be8 17. Qd3 Qf8 18. h4 b5 19. g3 c5 20. Bc2 c4 21. Qe2
Rac8 22. Ne5 Nd7 23. Nxd7 Rxd7 24. e5 Rdc7 25. Qe4 g6 26. h5 Bc6 27. Qg4 g5 28.
f4 Qg7 29. f5 exf5 30. Bxf5 Rd8 31. e6 f6 32. Be4 Bxe4 33. Qxe4 Kf8 34. d5 Ke7
35. Rb1 a6 36. Qd4 Rd6 37. Rf1 Rc8 38. Rdf2 Rcd8 39. Rxf6 Ke8 40. Rf8+ Qxf8 41.
Rxf8+ Kxf8 42. Qh8+ 1-0

[Event "I Festival Spiaggia di Velluto A"]
[Site "Senigallia ITA"]
[Date "2010.07.27"]
[Round "3"]
[White "Belezky, Alexander"]
[Black "Bellincampi, Stefano"]
[Result "1-0"]
[WhiteElo "2440"]
[BlackElo "2047"]
[PlyCount "91"]
[EventDate "2010.07.26"]

1. Nf3 Nf6 2. g3 b6 3. Bg2 Bb7 4. d3 d5 5. O-O e6 6. Nbd2 c5 7. e4 Nc6 8. Re1
Be7 9. a3 Qc7 10. Nf1 Nd4 11. Nxd4 cxd4 12. e5 Nd7 13. Qg4 g6 14. Re2 Nxe5 15.
Qxd4 f6 16. Bf4 O-O 17. Qe3 Qd7 18. d4 g5 19. Bxe5 fxe5 20. Qxe5 Bf6 21. Qe3
Rae8 22. Qd2 Ba6 23. Ree1 Kh8 24. Ne3 Qg7 25. c3 h5 26. Nc2 Re7 27. Nb4 Bb5 28.
a4 Be8 29. Nd3 Bg6 30. Ne5 Bf5 31. h3 g4 32. h4 Qh7 33. a5 Bg7 34. axb6 axb6
35. Ra6 Bh6 36. Qe2 Rb7 37. c4 Qg8 38. cxd5 exd5 39. Qb5 Be6 40. Rxb6 Rxb6 41.
Qxb6 Kh7 42. Qb7+ Bg7 43. Qe7 Rb8 44. Qg5 Qe8 45. Nd3 Qf7 46. Nf4 1-0

[Event "I Festival Spiaggia di Velluto A"]
[Site "Senigallia ITA"]
[Date "2010.07.27"]
[Round "3"]
[White "Cavezzana, Davide"]
[Black "Cipollaro, Giovanni"]
[Result "0-1"]
[WhiteElo "1746"]
[BlackElo "1497"]
[PlyCount "40"]
[EventDate "2010.07.26"]

1. e4 c6 2. d4 d5 3. f3 dxe4 4. fxe4 e5 5. Nf3 Be6 6. dxe5 Qxd1+ 7. Kxd1 Nd7 8.
Be3 Ne7 9. Nbd2 Ng6 10. Bd4 Rd8 11. g3 Bg4 12. e6 Nde5 13. exf7+ Kxf7 14. Be2
Bxf3 15. Rf1 Rxd4 16. Bxf3 Nxf3 17. Rxf3+ Ke6 18. Ke2 Be7 19. Raf1 Rf8 20. Rf5
Rxe4+ 0-1

[Event "I Festival Spiaggia di Velluto A"]
[Site "Senigallia ITA"]
[Date "2010.07.27"]
[Round "3"]
[White "Cesarano, Marco"]
[Black "Pescatore, Lorenzo"]
[Result "0-1"]
[WhiteElo "1845"]
[BlackElo "1980"]
[PlyCount "168"]
[EventDate "2010.07.26"]

1. b3 e5 2. Bb2 Nc6 3. e3 d5 4. Bb5 e4 5. c4 Bd7 6. cxd5 Nb4 7. Bc4 Qg5 8. Ne2
b5 9. a3 Na6 10. Qc2 bxc4 11. Qxe4+ Qe7 12. Qxc4 Nc5 13. Nbc3 Kd8 14. Rc1 Bf5
15. Nf4 Nf6 16. b4 Nce4 17. Nb5 Nd6 18. Qc6 Rc8 19. Nxa7 Bd7 20. Qc2 Ra8 21.
Qxc7+ Ke8 22. Nc6 Qe4 23. d3 Qf5 24. O-O Nxd5 25. Nxd5 Qxd5 26. Ne5 Qe6 27. f4
Rc8 28. Qa7 Nb5 29. Rxc8+ Bxc8 30. Qb8 Nd6 31. e4 f6 32. Nc6 Qd7 33. e5 Qxc6
34. exd6 Qb7 35. d7+ Kxd7 36. Qxb7+ Bxb7 37. Rc1 Bd6 38. g3 Ba6 39. Bd4 Re8 40.
Kf2 Rc8 41. Rxc8 Bxc8 42. Ke3 Ke6 43. Kd2 Ba6 44. Bb6 Bb5 45. Be3 Kf5 46. h3 h5
47. Kc3 Bc7 48. Bd2 Bb6 49. d4 Ke4 50. Kb3 Kxd4 51. a4 Bc4+ 52. Kc2 Ke4 53. b5
Kf3 54. g4 h4 55. a5 Bd4 56. b6 Kg3 57. g5 fxg5 58. fxg5 g6 59. Bc3 Be3 60.
Be5+ Kxh3 61. b7 Ba7 62. b8=Q Bxb8 63. Bxb8 Kg4 64. Kc3 Ba6 65. Kd2 Kf3 66. Kc3
Kg4 67. Kd4 Kxg5 68. Ke3 Kg4 69. Kf2 Kh3 70. Bf4 Bb7 71. Kg1 Kg4 72. Bc7 Kf3
73. Kh2 g5 74. Bd8 Kf4 75. Bc7+ Kg4 76. Bd6 Kh5 77. Bc7 g4 78. Bd6 Kg6 79. Bc5
g3+ 80. Kh3 Kh5 81. a6 Bxa6 82. Kg2 Kg4 83. Kg1 h3 84. Kh1 h2 0-1

[Event "I Festival Spiaggia di Velluto A"]
[Site "Senigallia ITA"]
[Date "2010.07.27"]
[Round "3"]
[White "Damia, Angelo"]
[Black "Schiappoli, Dario"]
[Result "1-0"]
[WhiteElo "2281"]
[BlackElo "1944"]
[PlyCount "59"]
[EventDate "2010.07.26"]

1. e4 c5 2. a3 Nc6 3. b4 e5 4. b5 Nd4 5. c3 Ne6 6. Bc4 Nf6 7. d3 d5 8. exd5
Nxd5 9. Nf3 Nb6 10. Nxe5 Bd6 11. Nf3 Nxc4 12. dxc4 O-O 13. O-O Qc7 14. Nbd2 Rd8
15. Qc2 Bf4 16. Ne4 Bxc1 17. Raxc1 f5 18. Ng3 g6 19. Rcd1 Ng7 20. Rxd8+ Qxd8
21. Rd1 Qe7 22. Qd3 Be6 23. Ne5 Re8 24. f4 g5 25. Ne2 Kh8 26. g3 Nh5 27. Qf3
Nf6 28. fxg5 Ne4 29. Qh5 Rg8 30. Nf4 1-0

[Event "I Festival Spiaggia di Velluto A"]
[Site "Senigallia ITA"]
[Date "2010.07.27"]
[Round "3"]
[White "De Paoli, Emilio"]
[Black "Isonzo, David"]
[Result "0-1"]
[WhiteElo "1862"]
[BlackElo "2357"]
[PlyCount "78"]
[EventDate "2010.07.26"]

1. e4 c5 2. Nf3 d6 3. d4 cxd4 4. Nxd4 Nf6 5. Nc3 a6 6. Bg5 e6 7. f4 h6 8. Bh4
Be7 9. Qf3 Qc7 10. g4 Nbd7 11. Bg2 g5 12. fxg5 Nh7 13. O-O Ne5 14. Qf2 Nxg5 15.
h3 h5 16. Bxg5 Bxg5 17. Nf3 Nxf3+ 18. Bxf3 hxg4 19. Bxg4 b5 20. Rae1 Bh4 21.
Qd4 Qa7 22. Rd1 Ke7 23. Kg2 Qxd4 24. Rxd4 Bf6 25. Rd3 Bb7 26. Rdf3 Rh6 27. R1f2
b4 28. Na4 Bxe4 29. Kf1 Bxf3 30. Bxf3 Rb8 31. Bg2 Bd4 32. Re2 Rb5 33. c3 bxc3
34. Nxc3 Rf6+ 35. Ke1 Bxc3+ 36. bxc3 Rb1+ 37. Kd2 Rb2+ 38. Ke3 Rxe2+ 39. Kxe2
Rf4 0-1

[Event "I Festival Spiaggia di Velluto A"]
[Site "Senigallia ITA"]
[Date "2010.07.27"]
[Round "3"]
[White "Faini, Ivano"]
[Black "Calza, Gabriele"]
[Result "0-1"]
[WhiteElo "1688"]
[BlackElo "1992"]
[PlyCount "56"]
[EventDate "2010.07.26"]

1. c4 Nf6 2. g3 g6 3. Bg2 Bg7 4. e4 d6 5. Ne2 c5 6. Nbc3 O-O 7. O-O Nc6 8. h3
Rb8 9. Rb1 a6 10. d3 h6 11. b3 Ne8 12. a3 Bd7 13. Kh2 Nc7 14. Be3 Ne6 15. Ng1
Bxc3 16. Bxh6 Bg7 17. Qd2 Ned4 18. h4 Ne5 19. f3 b5 20. h5 bxc4 21. bxc4 Rxb1
22. Rxb1 Qc7 23. Bxg7 Kxg7 24. g4 d5 25. Kh3 Rh8 26. Kh4 f6 27. Qb2 g5+ 28. Kh3
Rxh5+ 0-1

[Event "I Festival Spiaggia di Velluto A"]
[Site "Senigallia ITA"]
[Date "2010.07.27"]
[Round "3"]
[White "Faini, Marco"]
[Black "Maddaloni, Giovanni"]
[Result "1-0"]
[WhiteElo "1936"]
[BlackElo "1785"]
[PlyCount "102"]
[EventDate "2010.07.26"]

1. c4 Nf6 2. g3 g6 3. Bg2 d6 4. Nc3 Bg7 5. e4 O-O 6. Nge2 Nc6 7. d3 e5 8. O-O
h6 9. Rb1 Bd7 10. b4 Qc8 11. a4 Bh3 12. Ba3 a6 13. Qc2 h5 14. Bc1 Bxg2 15. Kxg2
h4 16. h3 Nd4 17. Nxd4 exd4 18. Ne2 c5 19. Bf4 Nh5 20. Bxd6 hxg3 21. Bxf8 Bxf8
22. fxg3 Qd7 23. b5 Bd6 24. Nf4 Nxg3 25. Rf3 Bxf4 26. Rxf4 Nh5 27. Rf3 Re8 28.
Rbf1 Re7 29. Qf2 Kg7 30. Qh4 Qd6 31. Qg5 f6 32. Qg4 Re5 33. Rf5 Kh6 34. Rxe5
Qxe5 35. Rf3 axb5 36. axb5 g5 37. Rf5 Qe7 38. h4 Nf4+ 39. Rxf4 gxf4 40. Qxf4+
Kh5 41. Kh3 Qe6+ 42. Qf5+ Qxf5+ 43. exf5 b6 44. Kg3 Kh6 45. Kg4 Kg7 46. Kf4 Kh6
47. Ke4 Kh5 48. Kd5 Kxh4 49. Kc6 Kg5 50. Kxb6 Kxf5 51. Kxc5 Kg5 1-0

[Event "I Festival Spiaggia di Velluto A"]
[Site "Senigallia ITA"]
[Date "2010.07.27"]
[Round "3"]
[White "Foglia, Maurizio"]
[Black "Occhipinti, Giuseppe"]
[Result "1-0"]
[WhiteElo "2187"]
[BlackElo "1970"]
[PlyCount "82"]
[EventDate "2010.07.26"]

1. d4 d5 2. Nf3 Bf5 3. c4 c6 4. cxd5 cxd5 5. Qb3 Qc7 6. Nc3 e6 7. Bf4 Qb6 8.
Qxb6 axb6 9. a3 Bb4 10. Rc1 Bxc3+ 11. Rxc3 Nc6 12. e3 Rc8 13. Bb5 Nge7 14. O-O
f6 15. h3 Bg6 16. Rfc1 O-O 17. Bd6 Kf7 18. Bxc6 bxc6 19. Bxe7 Kxe7 20. Rxc6 Kd7
21. Rxc8 Rxc8 22. Rxc8 Kxc8 23. Kf1 Kc7 24. Ke1 Be4 25. Kd2 Kc6 26. Ne1 Kb5 27.
b3 h5 28. h4 e5 29. f3 Bf5 30. dxe5 fxe5 31. Nd3 e4 32. fxe4 Bxe4 33. g3 g6 34.
Kc3 Kc6 35. Kd4 Kd6 36. Nf4 Bc2 37. Nxd5 Bxb3 38. Nxb6 Bf7 39. Nc4+ Ke6 40. e4
Be8 41. e5 Kf5 1-0

[Event "I Festival Spiaggia di Velluto A"]
[Site "Senigallia ITA"]
[Date "2010.07.27"]
[Round "3"]
[White "Frontini, Fabio"]
[Black "Borgiani, Flavio"]
[Result "0-1"]
[WhiteElo "1965"]
[BlackElo "2194"]
[PlyCount "68"]
[EventDate "2010.07.26"]

1. e4 e5 2. Nc3 Nf6 3. g3 Bc5 4. Bg2 a6 5. Nge2 Nc6 6. O-O d6 7. Kh1 Ng4 8. Qe1
Nb4 9. Qd1 Nxf2+ 10. Rxf2 Bxf2 11. a3 Nc6 12. Qf1 Ba7 13. Nd5 O-O 14. Bh3 Be6
15. c4 Nd4 16. Nxd4 Bxd4 17. d3 c6 18. Ne3 Bxe3 19. Bxe3 Qd7 20. Bf5 Bxf5 21.
exf5 f6 22. Qf3 Kh8 23. h4 d5 24. Rd1 Qf7 25. b3 b5 26. Qe2 dxc4 27. dxc4 Rfd8
28. Rg1 bxc4 29. bxc4 Rab8 30. g4 Qd7 31. Qf2 Qd3 32. g5 Qe4+ 33. Kh2 Rd3 34.
gxf6 Qxe3 0-1

[Event "I Festival Spiaggia di Velluto A"]
[Site "Senigallia ITA"]
[Date "2010.07.27"]
[Round "3"]
[White "Gianfelici, Edoardo"]
[Black "Vezzosi, Paolo"]
[Result "0-1"]
[WhiteElo "2065"]
[BlackElo "2362"]
[PlyCount "60"]
[EventDate "2010.07.26"]

1. Nf3 f5 2. g3 Nf6 3. Bg2 g6 4. O-O Bg7 5. d3 d6 6. c3 c6 7. Qa4 Na6 8. Qh4 h6
9. Qc4 Nc5 10. b4 Be6 11. Qf4 Ncd7 12. a4 Bf7 13. e4 fxe4 14. dxe4 O-O 15. Nbd2
a5 16. b5 cxb5 17. axb5 Qb6 18. Rb1 g5 19. Qe3 Qxe3 20. fxe3 Ng4 21. Nb3 Bc4
22. Nbd4 Bxf1 23. Bxf1 Nge5 24. Nd2 Rfc8 25. c4 Nb6 26. Nf5 Bf8 27. Nb3 a4 28.
Nbd4 Kf7 29. g4 e6 30. Ng3 Nbxc4 0-1

[Event "I Festival Spiaggia di Velluto A"]
[Site "Senigallia ITA"]
[Date "2010.07.27"]
[Round "3"]
[White "Gorgoglione, Enrico"]
[Black "Liverani, Matteo"]
[Result "1-0"]
[WhiteElo "1938"]
[BlackElo "1842"]
[PlyCount "51"]
[EventDate "2010.07.26"]

1. e4 e6 2. d4 d5 3. Nd2 Nf6 4. e5 Nfd7 5. Bd3 c5 6. c3 Nc6 7. Qg4 cxd4 8. cxd4
Qe7 9. Ne2 Nb6 10. O-O Bd7 11. Nb3 Nb4 12. Bb1 Bb5 13. Nc5 Bxe2 14. Qxe2 Nc6
15. Be3 Nc4 16. Rc1 Rc8 17. Bd3 Nxe3 18. Qxe3 Nxd4 19. Nxb7 Qxb7 20. Qxd4 Rxc1+
21. Rxc1 Be7 22. Qa4+ Kf8 23. Ba6 Qb6 24. Rc6 Qxb2 25. Rc8+ Bd8 26. Rxd8+ 1-0

[Event "I Festival Spiaggia di Velluto A"]
[Site "Senigallia ITA"]
[Date "2010.07.27"]
[Round "3"]
[White "Loccisano, Giuseppe"]
[Black "Rizzi, Pietro"]
[Result "1-0"]
[WhiteElo "1828"]
[BlackElo "1595"]
[PlyCount "109"]
[EventDate "2010.07.26"]

1. e4 c6 2. d4 d5 3. Nc3 dxe4 4. Nxe4 Bf5 5. Ng3 Bg6 6. h4 h6 7. h5 Bh7 8. Nf3
Nd7 9. Bd3 Bxd3 10. Qxd3 e6 11. Bd2 Ngf6 12. O-O-O Bd6 13. Ne4 Nxe4 14. Qxe4
Nf6 15. Qe2 Qc7 16. g3 O-O-O 17. Ne5 Bxe5 18. dxe5 Nd5 19. c4 Ne7 20. Bc3 c5
21. Qg4 Rhg8 22. Rxd8+ Qxd8 23. Rd1 Qc7 24. Qe4 Qc6 25. Qd3 Qc7 26. f4 Rd8 27.
Qe4 Rxd1+ 28. Kxd1 Qc6 29. Qe2 Qa4+ 30. b3 Qd7+ 31. Kc2 Nf5 32. Qf2 Qc6 33. g4
Qe4+ 34. Kb2 Qe3 35. Qxe3 Nxe3 36. g5 hxg5 37. fxg5 Nf5 38. Kc2 Kd7 39. Bd2 Ke8
40. Kc3 Kd7 41. h6 gxh6 42. gxh6 Nxh6 43. Bxh6 b6 44. Bf8 Kc6 45. Be7 a6 46. a3
Kd7 47. Bf8 Ke8 48. Bg7 Kd7 49. b4 Kc6 50. Bf8 cxb4+ 51. axb4 b5 52. c5 Kd5 53.
Kd3 f5 54. exf6 e5 55. c6 1-0

[Event "I Festival Spiaggia di Velluto A"]
[Site "Senigallia ITA"]
[Date "2010.07.27"]
[Round "3"]
[White "Lotti, Fabio"]
[Black "Burani, Eugenio"]
[Result "0-1"]
[WhiteElo "2033"]
[BlackElo "1947"]
[PlyCount "114"]
[EventDate "2010.07.26"]

1. d4 Nf6 2. Bg5 e6 3. e4 Be7 4. Bd3 d6 5. Nf3 Nbd7 6. Qe2 h6 7. Be3 a6 8. h3
b5 9. g4 Bb7 10. Nbd2 c5 11. c3 c4 12. Bc2 Nb6 13. Rg1 d5 14. e5 Nh7 15. h4
Bxh4 16. Nxh4 Qxh4 17. Nf3 Qe7 18. g5 Nxg5 19. Nxg5 hxg5 20. Bxg5 f6 21. exf6
gxf6 22. Bf4 O-O-O 23. O-O-O Bc6 24. Rde1 Bd7 25. Qf3 Rdf8 26. Qe3 Kb7 27. Rg3
Rfg8 28. Reg1 Rxg3 29. Bxg3 Re8 30. Rh1 Rf8 31. Rh7 Rf7 32. Rxf7 Qxf7 33. Qf4
a5 34. Qb8+ Ka6 35. Bc7 Nc8 36. Qa8+ Na7 37. Bxa5 Qe8 38. Bd8 Bc8 39. Qb8 Qxd8
40. Qf4 Qe7 41. a3 Kb7 42. Qe3 Nc6 43. f4 e5 44. fxe5 fxe5 45. dxe5 Qxe5 46.
Qf2 d4 47. cxd4 Nxd4 48. Bd1 Bf5 49. a4 b4 50. Qd2 Nc6 51. Bf3 c3 52. bxc3
Qxc3+ 53. Qxc3 bxc3 54. Bd5 Kb6 55. Bb3 Nd4 56. Bd1 Ka5 57. Bh5 Nb3+ 0-1

[Event "I Festival Spiaggia di Velluto A"]
[Site "Senigallia ITA"]
[Date "2010.07.27"]
[Round "3"]
[White "Maggiore, Francesco"]
[Black "Della Rocca, Giuseppe"]
[Result "0-1"]
[WhiteElo "1767"]
[BlackElo "1716"]
[PlyCount "64"]
[EventDate "2010.07.26"]

1. e4 c5 2. Nc3 Nc6 3. g3 g6 4. Bg2 Bg7 5. d3 d6 6. f4 Nf6 7. Nf3 O-O 8. O-O
Bd7 9. h3 Rb8 10. Rb1 b5 11. Be3 b4 12. Ne2 Qc7 13. c3 Be6 14. c4 Rb7 15. b3
Bc8 16. e5 dxe5 17. Nxe5 Nxe5 18. fxe5 Nh5 19. Bxb7 Bxb7 20. Rf2 Qc6 21. Rh2
Bxe5 22. Qe1 f5 23. Nf4 Rf7 24. Nxh5 gxh5 25. Bf4 Bxf4 26. gxf4 Rg7+ 27. Kf1
Qf3+ 28. Rf2 Qxd3+ 29. Re2 Bg2+ 30. Kg1 Qxh3 31. Kf2 Qg3+ 32. Kg1 Qf3 0-1

[Event "I Festival Spiaggia di Velluto A"]
[Site "Senigallia ITA"]
[Date "2010.07.27"]
[Round "3"]
[White "Marsili, Riccardo"]
[Black "Salmoiraghi, Angelo"]
[Result "0-1"]
[WhiteElo "1914"]
[BlackElo "2172"]
[PlyCount "76"]
[EventDate "2010.07.26"]

1. e4 c5 2. Nf3 g6 3. d4 cxd4 4. Nxd4 Bg7 5. Be3 Nc6 6. Nc3 Nf6 7. Bc4 Qa5 8.
O-O O-O 9. f3 d6 10. Bb3 Bd7 11. Qd2 Nxd4 12. Bxd4 Bc6 13. Rad1 Nd7 14. Nd5
Bxd4+ 15. Qxd4 Bxd5 16. Qxd5 Qc5+ 17. Qxc5 Nxc5 18. Rd5 Rac8 19. c3 Kg7 20. Re1
f6 21. Red1 b5 22. Bc2 Rb8 23. a3 Rfc8 24. f4 Nd7 25. Bb3 a5 26. R5d4 Nc5 27.
Bc2 Ne6 28. Bb3 Nxd4 29. Rxd4 Rc5 30. Bd5 e5 31. fxe5 dxe5 32. Rd2 Rd8 33. Kf2
f5 34. Ke3 f4+ 35. Kf3 Kf6 36. g4 b4 37. axb4 axb4 38. c4 Rxc4 0-1

[Event "I Festival Spiaggia di Velluto A"]
[Site "Senigallia ITA"]
[Date "2010.07.27"]
[Round "3"]
[White "Monducci, Mirko"]
[Black "Caruso, Augusto"]
[Result "0-1"]
[WhiteElo "1948"]
[BlackElo "2263"]
[PlyCount "96"]
[EventDate "2010.07.26"]

1. Nf3 e6 2. e4 d5 3. e5 c5 4. c3 Nc6 5. d4 Bd7 6. Be2 f6 7. O-O fxe5 8. Nxe5
Nxe5 9. dxe5 g6 10. c4 d4 11. Nd2 Bc6 12. Bf3 Qc7 13. Bxc6+ Qxc6 14. Qe2 Bg7
15. f4 Ne7 16. Ne4 O-O 17. Bd2 Nf5 18. Rae1 Ne3 19. Bxe3 Qxe4 20. Bc1 Qb1 21.
b3 b6 22. Rf3 Qf5 23. h3 h5 24. Rf2 h4 25. Qg4 g5 26. Rf3 Qxg4 27. hxg4 gxf4
28. Rxf4 Rxf4 29. Bxf4 Rf8 30. Bd2 Kh7 31. Re4 Kg6 32. a3 Bh6 33. g5 Bxg5 34.
Rg4 Rf5 35. Bxg5 Rxg5 36. Rxh4 Rxe5 37. Rh3 Rf5 38. Rg3+ Kf6 39. Rd3 e5 40. b4
e4 41. Rd1 e3 42. bxc5 bxc5 43. Re1 Ke5 44. g4 Rg5 45. Kg2 Rxg4+ 46. Kf3 Rf4+
47. Ke2 Rf2+ 48. Kd1 Ra2 0-1

[Event "I Festival Spiaggia di Velluto A"]
[Site "Senigallia ITA"]
[Date "2010.07.27"]
[Round "3"]
[White "Padovani, Alessio"]
[Black "Marvin, Elio"]
[Result "1-0"]
[WhiteElo "1976"]
[BlackElo "1712"]
[PlyCount "91"]
[EventDate "2010.07.26"]

1. e4 e5 2. Bc4 g6 3. Nc3 c6 4. Nf3 Bg7 5. d4 exd4 6. Nxd4 Ne7 7. Nf3 d6 8. Bf4
d5 9. exd5 cxd5 10. Bb3 Nbc6 11. O-O O-O 12. Qd2 d4 13. Nb5 Nd5 14. Bxd5 Qxd5
15. Nc7 Qh5 16. Nxa8 Bg4 17. Nc7 Bxf3 18. gxf3 Qxf3 19. Bg3 h5 20. Qf4 Qe2 21.
Rfe1 Qxc2 22. Ne8 d3 23. Nxg7 Kxg7 24. Qc1 Qa4 25. Qc3+ f6 26. Qxd3 h4 27. Qd7+
Rf7 28. Qh3 hxg3 29. hxg3 Ne5 30. Re3 Rd7 31. Rae1 Re7 32. Qg2 Qd4 33. Qe4 Qd7
34. Kg2 Rf7 35. Rh1 Re7 36. Rhe1 Rf7 37. b3 g5 38. Rh1 Ng6 39. Rd3 Qc7 40. Rhd1
Ne5 41. Rd6 Qc3 42. R1d2 f5 43. Qe3 Qxe3 44. fxe3 g4 45. R2d5 Nf3 46. Rd7 1-0

[Event "I Festival Spiaggia di Velluto A"]
[Site "Senigallia ITA"]
[Date "2010.07.27"]
[Round "3"]
[White "Piva, Giorgio"]
[Black "Raselli, Claudio"]
[Result "1-0"]
[WhiteElo "2195"]
[BlackElo "1953"]
[PlyCount "125"]
[EventDate "2010.07.26"]

1. d4 e6 2. Bf4 f5 3. Nf3 Nf6 4. e3 Be7 5. h3 d5 6. c4 c6 7. Nc3 O-O 8. Qc2 Ne4
9. Bd3 Nd7 10. g4 g5 11. Be5 Nxc3 12. bxc3 Nxe5 13. Nxe5 Bd6 14. Rg1 Bxe5 15.
dxe5 dxc4 16. Bxc4 f4 17. Rd1 Qe7 18. Rd6 fxe3 19. fxe3 b5 20. Bd3 Rf3 21. Be4
Rxe3+ 22. Kf2 Rxh3 23. Kg2 Rh4 24. Qd1 Ba6 25. Bxc6 Bb7 26. Kg3 Bxc6 27. Rxc6
Rf8 28. Rf1 Rxf1 29. Qxf1 Qd7 30. Rd6 Qf7 31. Qc1 h6 32. Qd2 Rxg4+ 33. Kxg4
Qf5+ 34. Kg3 Qxe5+ 35. Kf2 Qh2+ 36. Ke1 Qg1+ 37. Ke2 Qg2+ 38. Kd1 Qg4+ 39. Kc1
Qf5 40. Rd8+ Kg7 41. Qd7+ Kg6 42. Rg8+ Kh5 43. Qd1+ Kh4 44. Rd8 Qf4+ 45. Kb2 e5
46. Qh1+ Kg4 47. Qxh6 Qf2+ 48. Kb1 Qf1+ 49. Kc2 Qf5+ 50. Kc1 Qf1+ 51. Rd1 Qf4+
52. Rd2 Qe3 53. Kc2 Kf5 54. Qh7+ Kf4 55. Qh2+ Kf5 56. Qf2+ Qxf2 57. Rxf2+ Ke4
58. Rg2 Kf4 59. Kd2 g4 60. Ke2 g3 61. Rg1 a5 62. a3 e4 63. Rg2 1-0

[Event "I Festival Spiaggia di Velluto A"]
[Site "Senigallia ITA"]
[Date "2010.07.27"]
[Round "3"]
[White "Riano', Mirko Alessio"]
[Black "Nagni, Marco"]
[Result "0-1"]
[WhiteElo "1521"]
[BlackElo "1898"]
[PlyCount "114"]
[EventDate "2010.07.26"]

1. e4 c5 2. c3 e5 3. Nf3 Nc6 4. d4 cxd4 5. cxd4 exd4 6. Nxd4 Bc5 7. Nxc6 Qf6 8.
Qc2 Qxc6 9. Nc3 a6 10. Be2 Ne7 11. O-O O-O 12. Bf3 Qc7 13. Re1 d6 14. Be3 Be6
15. Na4 Bb6 16. Qxc7 Bxc7 17. Rec1 Rac8 18. Be2 b5 19. Nc3 Bb8 20. Bf3 b4 21.
Nd5 Nxd5 22. exd5 Bd7 23. Rxc8 Rxc8 24. Rc1 Rxc1+ 25. Bxc1 Bc7 26. Bf4 Bb5 27.
Be4 g6 28. Bh6 f5 29. Bf3 Kf7 30. Bg5 Kg7 31. h4 Bb6 32. Be3 Bc7 33. Kh2 Kf6
34. Bd4+ Kf7 35. Kg3 Bd8 36. Be3 a5 37. Bf4 Bc7 38. Be3 a4 39. Bf4 Bc4 40. a3
bxa3 41. bxa3 Ke7 42. Bd2 Bb6 43. Bd1 Bb5 44. f4 h5 45. Kf3 Bd4 46. Bc1 Kd8 47.
Be2 Be8 48. Bd2 Bc5 49. Bc1 Kc7 50. Bc4 Kb6 51. Ke2 Bb5 52. Kd3 Bf2 53. Be3+
Bxe3 54. Kxe3 Bxc4 55. Kd4 Bb3 56. g3 Ba2 57. Kc3 Kc5 0-1